Producción Limpia, Contaminación y Gestión Ambiental. (Registro nro. 166839)

Detalles MARC
000 -ENCABEZADO
Número de control [NR] 00893 a2200229 4500
008 - DE LONGITUD FIJA DE DATOS DE ELEMENTOS - INFORMACIÓN GENERAL
Elementos de longitud fija [NR] 130606b xxu||||| |||| 00| 0 spa d
020 ## - NUMERO INTERNACIONAL NORMALIZADO PARA LIBROS [R]
Número Internacional Normalizado del libro [NR] 9789586839242 
040 ## - FUENTE DE CATALOGACION [NR]
Agencia de catalogación original [NR] CO-BoUCM
Idioma de catalogación [NR] spa
Quien Cataloga
Quien Clasifica Aldemar Mondragón
041 00 - CODIGO DE IDIOMA [R]
Código de idioma para texto/pista de sonido o título separado [R] Español
100 1# - ASIENTO PRINCIPAL--NOMBRE PERSONAL [NR]
Nombre personal [NR] Fúquene Retamoso, Carlos E.
ID Autoridad 38805
245 00 - MENCION DE TITULO [NR]
Título [NR] Producción Limpia, Contaminación y Gestión Ambiental.
Mención de responsabilidad, etc. [NR] Carlos Eduardo Fúquene Retamoso
260 ## - PUBLICACION, DISTRIBUCION, ETC. (PIE DE IMPRENTA) [R]
Fecha de publicación, distribución, etc. [R] 2007
Nombre del editor, distribuidor, etc. [R] Universidad Javeriana.
Lugar de publicación, distribución, etc. [R] Bogotá
300 ## - DESCRIPCION FISICA [R]
Extensión [R] 112 páginas
Otros detalles físicos [NR] gráficos y tablas
490 ## - MENCION DE SERIE [R]
Mención de serie [R] Coleccion biblioteca del profesional
504 ## - NOTA DE BIBLIOGRAFIA, ETC. [R]
Nota de bibliografía, etc. [NR] Incluye referencias bibliográficas
650 #7 - ASIENTO SECUNDARIO DE MATERIA - TERMINO TEMATICO [R]
Término temático o nombre geográfico como elemento de entrada [NR] Contaminación
9 (RLIN) 11756
650 #7 - ASIENTO SECUNDARIO DE MATERIA - TERMINO TEMATICO [R]
Término temático o nombre geográfico como elemento de entrada [NR] Gestión ambiental
9 (RLIN) 16402
650 #7 - ASIENTO SECUNDARIO DE MATERIA - TERMINO TEMATICO [R]
Término temático o nombre geográfico como elemento de entrada [NR] Producción industrial
Subdivisión general [R] Aspectos ambientales
9 (RLIN) 38806
690 ## - ASUNTO AGREGADO LOCAL DE ENTRADA - TÉRMINO TEMÁTICO (OCLC, RLIN)
Acceso temático local Administración de empresas
942 ## - ELEMENTOS DE ENTRADA AGREGADOS (KOHA)
Sistema de clasificación DEWEY
Tema principal Administración
Tipo de ítem principal el descrito en 300a Libro de reserva
Edición 1
Clasificación 658.408
Parte restante de la signatura top. F796p
Existencias
Fecha de último préstamo Total préstamos Signatura topográfica Código de barras Última vez visto Ejemplar Costo de reposición Price effective from Tipo de ítem Perdido Sistema de clasificación Dañado No prestable Tipo de ítem específico Suprimido Ubicación habitual Ubicación actual Localización Fecha de creación Proveedor Forma de adquisición Costo
03/09/2019 2 658.408 F796p 100132870 04/08/2025 Ej.2 34000.00 29/05/2013 Libro   DEWEY     Libro   Bodega Bodega 5to piso 29/05/2013 10 Compra 34000.00